[Event "Llinars del Valles op-B 7th"]
[Site "Llinars del Valles"]
[Date "2013.04.13"]
[Round "1"]
[White "Gonzalez Navarro, Carlos Manuel"]
[Black "Sans Font, Marc"]
[Result "0-1"]
[WhiteElo "1277"]
[BlackElo "1648"]
[PlyCount "102"]
[EventDate "2013.04.13"]
[EventType "swiss"]
[EventRounds "7"]
[EventCountry "ESP"]
[SourceTitle "CBM 154 Extra"]
[Source "ChessBase"]
[SourceDate "2013.06.25"]
[SourceVersion "2"]
[SourceVersionDate "2013.06.25"]
[SourceQuality "1"]

1. c4 e6 2. Nc3 Nf6 3. g3 d5 4. cxd5 Nxd5 5. Bg2 Be7 6. Nf3 c6 7. 0-0 Nd7 8. d4 Bb4 9. Nxd5 exd5 10. a3 Ba5 11. b4 Bc7 12. Qd3 0-0 13. Ng5 g6 14. f4 Bb6 15. f5 Ne5 16. Qe3 Ng4 17. Qf4 Bxf5 18. h3 Bc7 19. Qf3 Nh6 20. g4 Be4 21. Nxe4 dxe4 22. Qe3 Qd6 23. Kf2 f5 24. Ke1 Qg3+ 25. Qxg3 Bxg3+ 26. Kd1 f4 27. Bxe4 Nf7 28. Bxf4 Bxf4 29. Rxf4 Ng5 30. Rxf8+ Rxf8 31. Bg2 Rf2 32. h4 Rxg2 33. Ra2 Ne4 34. Kc1 Rg1+ 35. Kc2 Rxg4 36. Kd3 Rxh4 37. e3 Kf7 38. a4 Nf6 39. Rf2 Ke6 40. Kc4 Re4 41. Rf3 Ng4 42. Kd3 Rxe3+ 43. Rxe3+ Nxe3 44. Kxe3 Kd5 45. Kd3 h5 46. Ke3 h4 47. Kf3 g5 48. Kg4 Kxd4 49. b5 c5 50. a5 c4 51. b6 axb6 0-1

[Event "Llinars del Valles op-B 6th"]
[Site "Llinars del Valles"]
[Date "2012.04.21"]
[Round "2"]
[White "Vega Benitez, Oscar"]
[Black "Sans Font, Marc"]
[Result "0-1"]
[WhiteElo "1295"]
[BlackElo "1641"]
[PlyCount "86"]
[EventDate "2012.04.14"]
[EventType "swiss"]
[EventRounds "9"]
[EventCountry "ESP"]
[SourceTitle "EXT 2013"]
[Source "ChessBase"]
[SourceDate "2012.11.22"]
[SourceVersion "1"]
[SourceVersionDate "2012.11.22"]
[SourceQuality "1"]

1. e4 c5 2. Nf3 Nc6 3. d4 cxd4 4. Nxd4 Nf6 5. Nc3 Qb6 6. Nb3 e6 7. Be3 Qd8 8. Qd2 Bb4 9. f3 0-0 10. 0-0-0 b6 11. g4 Ne5 12. Be2 d5 13. Bf4 Ng6 14. Bg5 Bb7 15. a3 Bxc3 16. Qxc3 Nxe4 17. fxe4 Qxg5+ 18. Qd2 Qxd2+ 19. Rxd2 dxe4 20. Rd7 Bd5 21. Nd4 Nf4 22. Ba6 Rfd8 23. Rxd8+ Rxd8 24. Rd1 Ba8 25. Nb3 Rxd1+ 26. Kxd1 h5 27. g5 e3 28. Nd4 e5 29. Ne2 f6 30. Nxf4 exf4 31. gxf6 gxf6 32. Bc4+ Kg7 33. Be6 Bf3+ 34. Ke1 Bg4 35. Bc4 f3 36. Bf1 e2 37. h3 exf1Q+ 38. Kxf1 Bxh3+ 39. Kf2 Bg4 40. b4 Kf7 41. c4 Ke6 42. c5 bxc5 43. bxc5 Kd5 0-1

[Event "Cerdanyola del Valles op-B 29th"]
[Site "Cerdanyola del Valles"]
[Date "2011.10.15"]
[Round "3"]
[White "Ibanez Pastor, Jordi"]
[Black "Sans Font, Marc"]
[Result "1-0"]
[WhiteElo "1765"]
[BlackElo "1636"]
[PlyCount "123"]
[EventDate "2011.10.01"]
[EventType "swiss"]
[EventRounds "8"]
[EventCountry "ESP"]
[SourceTitle "EXT 2013"]
[Source "ChessBase"]
[SourceDate "2012.11.22"]
[SourceVersion "1"]
[SourceVersionDate "2012.11.22"]
[SourceQuality "1"]

1. e4 c5 2. Nf3 Nc6 3. Nc3 d6 4. d4 cxd4 5. Nxd4 Nf6 6. Bg5 e5 7. Nxc6 bxc6 8. Bc4 Be7 9. Qd2 Bb7 10. Rd1 0-0 11. 0-0 Ne8 12. Bxe7 Qxe7 13. f4 d5 14. Bb3 d4 15. Ne2 c5 16. Ng3 Rc8 17. Nf5 Qd8 18. Qe2 g6 19. Ng3 Qf6 20. Qg4 c4 21. Ba4 Ng7 22. fxe5 Qxe5 23. Qd7 Rc7 24. Qxd4 Qc5 25. Qxc5 Rxc5 26. Rd7 Bc6 27. Rc7 Ra5 28. Bxc6 Rc5 29. Rfxf7 Rxf7 30. Rc8+ Rf8 31. Bd5+ Rxd5 32. Rxf8+ Kxf8 33. exd5 Ke7 34. b3 Kd6 35. bxc4 Kc5 36. Kf2 Kxc4 37. d6 Kd5 38. d7 Ne6 39. Ke3 Kd6 40. Ne4+ Ke7 41. d8Q+ Nxd8 42. Kd4 Ne6+ 43. Ke5 h6 44. c4 Nc7 45. g4 Ne6 46. h4 Nf8 47. c5 Nd7+ 48. Kd5 a5 49. c6 Nb6+ 50. Kc5 Nc8 51. a4 Ke6 52. g5 h5 53. Nf6 Kf5 54. c7 Kf4 55. Kc6 Kg3 56. Nd5 Kxh4 57. Kb7 Nd6+ 58. Kc6 Nc8 59. Nb6 Ne7+ 60. Kd7 Nf5 61. c8Q Kxg5 62. Qc5 1-0

[Event "Mollet del Valles op 2nd"]
[Site "Mollet del Valles"]
[Date "2011.05.14"]
[Round "3"]
[White "Sans Font, Marc"]
[Black "Amores Oliveros, Justo"]
[Result "0-1"]
[WhiteElo "1575"]
[BlackElo "1804"]
[PlyCount "92"]
[EventDate "2011.04.30"]
[EventType "swiss"]
[EventRounds "8"]
[EventCountry "ESP"]
[SourceTitle "EXT 2024"]
[Source "ChessBase"]
[SourceDate "2023.10.10"]
[SourceVersion "1"]
[SourceVersionDate "2023.10.10"]
[SourceQuality "1"]

1. d4 f5 2. c4 Nf6 3. Nc3 e6 4. Nf3 c6 5. Qd3 d5 6. c5 b6 7. b4 a5 8. b5 bxc5 9. dxc5 Bxc5 10. Bb2 Qb6 11. e3 Bb4 12. a3 Bxc3+ 13. Bxc3 0-0 14. Rc1 Bd7 15. Bd4 Qxb5 16. Qxb5 cxb5 17. Ne5 b4 18. Nxd7 Nbxd7 19. a4 Rfc8 20. Rb1 Ne4 21. Bb5 Ndf6 22. Bxf6 gxf6 23. Bd7 Kf7 24. Bxc8 Rxc8 25. f3 Nc5 26. 0-0 Nd3 27. Rfd1 Rc3 28. Kf1 e5 29. Ke2 e4 30. f4 Ke6 31. Rd2 b3 32. Kd1 Kd6 33. Rxd3 Rxd3+ 34. Kc1 Kc5 35. h3 Rxe3 36. Kd2 Rd3+ 37. Ke2 h5 38. Rc1+ Kd6 39. Rc8 Rd4 40. Rb8 Rb4 41. Rd8+ Ke6 42. g4 fxg4 43. Re8+ Kf7 44. Rc8 b2 45. f5 b1Q 46. Rc7+ Kg8 0-1

[Event "Sabadell Coral Colon op 5th"]
[Site "Sabadell"]
[Date "2011.03.04"]
[Round "5"]
[White "Sans Font, Marc"]
[Black "Fernandez Peitx, Alvaro"]
[Result "1-0"]
[WhiteElo "1575"]
[BlackElo "1783"]
[PlyCount "77"]
[EventDate "2011.02.04"]
[EventType "swiss"]
[EventRounds "9"]
[EventCountry "ESP"]
[SourceTitle "EXT 2013"]
[Source "ChessBase"]
[SourceDate "2012.11.22"]
[SourceVersion "1"]
[SourceVersionDate "2012.11.22"]
[SourceQuality "1"]

1. d4 d5 2. c4 e6 3. Nc3 Nf6 4. Nf3 c6 5. Bg5 dxc4 6. e4 b5 7. e5 h6 8. Bh4 g5 9. Nxg5 hxg5 10. Bxg5 Be7 11. exf6 Bxf6 12. Be3 Bb7 13. Ne4 Be7 14. Qg4 Bb4+ 15. Nc3 Qf6 16. Rd1 Nd7 17. Be2 Qh4 18. Qg7 Bf8 19. Qg3 Qxg3 20. fxg3 Be7 21. Bf3 0-0-0 22. 0-0 Nb6 23. Ne4 Nd5 24. Bd2 b4 25. Ng5 Rdf8 26. Bxd5 cxd5 27. Rxf7 Rxf7 28. Nxf7 Rf8 29. Ne5 Bd6 30. Bf4 c3 31. bxc3 bxc3 32. Rc1 Bb4 33. Bd2 Kd8 34. Bxc3 a5 35. Bxb4 axb4 36. Nd3 Ba6 37. Nxb4 Bc4 38. Nc6+ Kd7 39. Ne5+ 1-0